000 01024nam a2200205 a 4500
001 47630
005 20180714031640.0
008 140415s1995 sp 000 0 spa d
020 _a8449301432
041 _aspa
082 _a384.54
_bORT
100 1 _aORTIZ, MIGUEL ANGEL
245 1 0 _aDISEÑO DE PROGRAMAS EN RADIO :
_bGUIONES, GENEROS Y FORMULAS
250 _a1a ed.
260 _aESPAÑA :
_bPAIDOS IBERICA,
_c1995
300 _a269
_c13 x 20 x 1.6
520 _aESTE LIBRO ABORDA UNA DESCRIPCIÓN COMPLETA DEL PROCESO DE LA CREACIÓN RADIOFÓNICA, DESDE LA CONCEPCIÓN DE LA IDEA HASTA LA PLANIFICACIÓN DEL PROGRAMA. EN SUS PAGINAS ENCONTRARA EL LECTOR UNA PANORÁMICA ORDENADA DE LOS ELEMENTOS QUE CONFIGURAN EL PROGRAMA DE RADIO, LAS CARACTERÍSTICAS DE LOS DIFERENTES FORMATOS Y TIPOS DE PROGRAMAS, ASÍ COMO UNA SERIE DE CLAVES Y MODELOS DE REFERENCIA PARA LA ELABORACIÓN DE UN GUIÓN RADIOFÓNICO.
650 1 4 _aRADIO
_xPRODUCCION
_xRADIO
_xPROGRAMAS
700 1 _aVOLPINI, FEDERICO
_ecoaut.
999 _c47630
_d47630